000 00336nam a22001451a 4500
082 _aH2
_bRAM/S
100 _aRam Kumar Varma
245 _aSanth Tulsidas/
_cRam Kumar Varma
260 _aNew Delhi:
_bRajpal,
_c1989.
300 _a112p.
650 _aDrama Hindi
650 _aLiterature Hindi
650 _aLiterature
942 _cBK
999 _c40562
_d40562